[Event "Leipzig VfB op 23rd"]
[Site "Leipzig"]
[Date "2016.03.19"]
[Round "8"]
[White "Didt, Hartmut"]
[Black "Eichhorn, Mike"]
[Result "1/2-1/2"]
[WhiteElo "1847"]
[BlackElo "1624"]
[PlyCount "44"]
[EventDate "2016.03.15"]
[EventType "swiss"]
[EventRounds "9"]
[EventCountry "GER"]
[SourceTitle "EXT 2017"]
[Source "ChessBase"]
[SourceDate "2016.10.25"]
[SourceVersion "1"]
[SourceVersionDate "2016.10.25"]
[SourceQuality "1"]

1. e4 c5 2. d4 cxd4 3. c3 d3 4. Bxd3 Nc6 5. Nf3 e6 6. 0-0 Bc5 7. Bf4 Nf6 8. h3 d6 9. Nbd2 e5 10. Bg5 0-0 11. Qe2 Be6 12. Rfd1 Qe7 13. Bc4 Rad8 14. Nf1 Bxc4 15. Qxc4 Qe6 16. Qe2 Rd7 17. Bxf6 Qxf6 18. Ne3 Bxe3 19. Qxe3 Rfd8 20. Rd2 b6 21. Rad1 Na5 22. b3 Nb7 1/2-1/2

[Event "Leipzig VfB op 20th"]
[Site "Leipzig"]
[Date "2013.03.09"]
[Round "9"]
[White "Halas, Julia"]
[Black "Eichhorn, Mike"]
[Result "1/2-1/2"]
[WhiteElo "1555"]
[BlackElo "1617"]
[PlyCount "54"]
[EventDate "2013.03.05"]
[EventType "swiss"]
[EventRounds "9"]
[EventCountry "GER"]
[SourceTitle "EXT 2014"]
[Source "ChessBase"]
[SourceDate "2013.11.20"]
[SourceVersion "1"]
[SourceVersionDate "2013.11.20"]
[SourceQuality "1"]

1. d4 d5 2. c4 e6 3. Nc3 Nf6 4. Bg5 Be7 5. Nf3 b6 6. cxd5 Nxd5 7. Nxd5 Bxg5 8. Nxc7+ Qxc7 9. Nxg5 Bb7 10. e3 0-0 11. Nf3 Nc6 12. Be2 Rad8 13. 0-0 Qd6 14. Qb3 e5 15. dxe5 Nxe5 16. Nxe5 Qxe5 17. Rfd1 Rxd1+ 18. Rxd1 Re8 19. Rd7 Re7 20. Rd8+ Re8 21. Rxe8+ Qxe8 22. Qd3 g6 23. Qc4 Qe5 24. Qd4 Qa5 25. Qc4 Qg5 26. g3 Qf6 27. Qc3 Qe6 1/2-1/2

[Event "Leipzig VfB op 19th"]
[Site "Leipzig"]
[Date "2012.03.09"]
[Round "6"]
[White "Herfurth, Thomas"]
[Black "Eichhorn, Mike"]
[Result "1-0"]
[WhiteElo "1884"]
[BlackElo "1621"]
[PlyCount "21"]
[EventDate "2012.03.06"]
[EventType "swiss"]
[EventRounds "9"]
[EventCountry "GER"]
[SourceTitle "CBM 147 Extra"]
[Source "ChessBase"]
[SourceDate "2012.04.24"]
[SourceVersion "1"]
[SourceVersionDate "2012.04.24"]
[SourceQuality "1"]

1. Nc3 b6 2. e4 Bb7 3. d4 e6 4. Nf3 c5 5. d5 h6 6. d6 Nc6 7. e5 f6 8. Bd3 f5 9. h4 Qc8 10. Bf4 Nb4 11. Bc4 1-0

[Event "Leipzig VfB op 19th"]
[Site "Leipzig"]
[Date "2012.03.07"]
[Round "2"]
[White "Eichhorn, Mike"]
[Black "Liedmann, Hans Joerg"]
[Result "0-1"]
[WhiteElo "1621"]
[BlackElo "1887"]
[PlyCount "86"]
[EventDate "2012.03.06"]
[EventType "swiss"]
[EventRounds "9"]
[EventCountry "GER"]
[SourceTitle "CBM 147 Extra"]
[Source "ChessBase"]
[SourceDate "2012.04.24"]
[SourceVersion "1"]
[SourceVersionDate "2012.04.24"]
[SourceQuality "1"]

1. e4 c5 2. Nf3 d6 3. d4 cxd4 4. Nxd4 Nf6 5. Nc3 Nc6 6. Nxc6 bxc6 7. Be3 g6 8. Be2 Bg7 9. Bf3 Qc7 10. 0-0 0-0 11. Re1 a5 12. Bd4 Rd8 13. e5 dxe5 14. Bxe5 Qb6 15. Na4 Rxd1 16. Nxb6 Rxa1 17. Rxa1 Bb7 18. Nxa8 Bxa8 19. Rd1 Nd5 20. Bxg7 Kxg7 21. Bxd5 cxd5 22. f4 Kf6 23. g3 h5 24. Rd4 Bc6 25. Kf2 Kf5 26. Kf3 f6 27. h3 e5 28. fxe5 fxe5 29. Rd2 d4+ 30. Kf2 Bb5 31. a3 a4 32. Kf3 e4+ 33. Kg2 Ke5 34. Rd1 e3 35. Kf3 Bc6+ 36. Ke2 Ke4 37. c4 Bd7 38. Rf1 d3+ 39. Ke1 Bxh3 40. Rf4+ Ke5 41. c5 d2+ 42. Ke2 Bg4+ 43. Rxg4 hxg4 0-1

[Event "Leipzig VfB op 18th"]
[Site "Leipzig"]
[Date "2011.03.26"]
[Round "7"]
[White "Eichhorn, Mike"]
[Black "Keil, Michael"]
[Result "1-0"]
[WhiteElo "1179"]
[BlackElo "1513"]
[PlyCount "46"]
[EventDate "2011.03.20"]
[EventType "swiss"]
[EventRounds "9"]
[EventCountry "GER"]
[SourceTitle "CBM 141 Extra"]
[Source "ChessBase"]
[SourceDate "2011.05.03"]
[SourceVersion "1"]
[SourceVersionDate "2011.05.03"]
[SourceQuality "1"]

1. e4 c6 2. Nc3 d5 3. d3 d4 4. Nce2 e5 5. Nf3 Bd6 6. Ng3 Ne7 7. Be2 0-0 8. c3 c5 9. Bd2 Nbc6 10. h3 f5 11. Qb3+ Kh8 12. Ng5 Qe8 13. 0-0 Nd8 14. exf5 Nxf5 15. N3e4 h6 16. Qd5 Qg6 17. Nxd6 Qxd6 18. Qxd6 Nxd6 19. Nf3 Nc6 20. Nh4 Bf5 21. f4 e4 22. dxe4 Bxe4 23. g4 Nc4 1-0

[Event "Leipzig VfB op 16th"]
[Site "Leipzig"]
[Date "2009.04.04"]
[Round "8"]
[White "Eichhorn, Mike"]
[Black "Wolter, Uwe"]
[Result "0-1"]
[WhiteElo "1186"]
[BlackElo "1389"]
[PlyCount "92"]
[EventDate "2009.03.31"]
[EventType "swiss"]
[EventRounds "9"]
[EventCountry "GER"]
[SourceTitle "EXT 2010"]
[Source "ChessBase"]
[SourceDate "2010.11.25"]
[SourceVersion "1"]
[SourceVersionDate "2010.11.25"]
[SourceQuality "1"]

1. e4 c6 2. d4 d5 3. exd5 cxd5 4. Bd3 Nf6 5. c3 Bg4 6. Qc2 g6 7. Be3 Bg7 8. Nd2 0-0 9. Ngf3 Bxf3 10. Nxf3 Qd6 11. Ne5 Nbd7 12. Nf3 a6 13. 0-0 Rfc8 14. Rac1 b5 15. Qb1 Ng4 16. Bd2 Nb6 17. b3 Rc6 18. h3 Nh6 19. Rfe1 Nd7 20. Re2 e6 21. Rce1 Kh8 22. c4 bxc4 23. bxc4 dxc4 24. Be4 Rb8 25. Qc2 Rcc8 26. Qc3 Ng8 27. Ng5 Qe7 28. Bf4 Rb6 29. Qg3 Ngf6 30. Bd6 Qe8 31. Bxg6 hxg6 32. Qh4+ Kg8 33. Be5 Rb5 34. Bxf6 Nxf6 35. Re5 Rc6 36. Rxb5 axb5 37. d5 Ra6 38. dxe6 fxe6 39. Re3 Qd7 40. Qg3 Qd1+ 41. Kh2 Qd6 42. f4 Qd5 43. Re5 Qd7 44. Qe1 Nh5 45. Nxe6 Bxe5 46. Qxe5 Rxe6 0-1